000 00327nam a2200109Ia 4500
001 1268584
005 20260417145253.0
008 260417s9999 xx 000 0 und d
020 _a9786257303224
245 0 _aDevasa Hayvanların Büyük Kitabı - Minik Hayvanların Küçük Kitabı
_cCristina Banfi
260 _bKetebe Çocuk
999 _c1268584
_d1268584